[Event "Tourn. n9345"]
[Site "www.chess-mail.com"]
[Date "2017.07.11"]
[Round "1"]
[White "Cjood"]
[Black "Kazooie"]
[WhiteElo "1810"]
[BlackElo "1970"]
[Result "1-0"]
[Round "1"]
1.e3 d5
2.g3 e5
3.Bf1g2 Ng8f6
4.b3 Bf8e7
5.Bc1b2 Nb8c6
6.d4 exd4
7.exd4 O-O
8.Nb1d2 Rf8e8
9.Ng1e2 Bc8g4
10.f3 Bg4f5
11.O-O Nc6b4
12.c3 Nb4c6
13.Ne2f4 Bf5g6
14.b4 Be7d6
15.Nf4xg6 hxg6
16.f4 Nf6e4
17.Nd2xe4 dxe4
18.d5 Nc6e7
19.Bg2xe4 Ne7f5
20.Be4xf5 gxf5
21.Qd1c2 g6
22.Ra1d1 Re8e4
23.Rf1e1 Qd8e7
24.Re1xe4 fxe4
25.Rd1e1 Ra8e8
26.a3 f5
27.c4 c5
28.b5 b6
29.Qc2c3 Qe7h7
30.a4 Bd6f8
31.Kg2 Bf8g7
32.Qc3xg7 Qh7xg7
33.Bb2xg7 Kxg7
34.h4 Kh6
35.Kh3 Kh5
36.Re1d1 e3
37.Kg2 Re8e4
38.d6 e2
39.Rd1e1 Re4d4
40.Re1xe2 Rd4xd6
41.Kh3 Rd6d4
42.Re2e7 Kh6
43.Re7xa7 Rd4xc4
44.Ra7a6 Rc4b4
45.Ra6xb6 { resign }
1-0

[Event "Tourn. n9404"]
[Site "www.chess-mail.com"]
[Date "2017.07.11"]
[Round "1"]
[White "Andychesston"]
[Black "Cjood"]
[WhiteElo "1990"]
[BlackElo "1880"]
[Result "1-0"]
[Round "1"]
1.e4 c5
2.Ng1f3 Nb8c6
3.d4 cxd4
4.Nf3xd4 Nc6xd4
5.Qd1xd4 e6
6.Nb1c3 Ng8f6
7.e5 Nf6g8
8.Bc1f4 a6
9.Bf1e2 b6
10.Nc3e4 Bf8c5
11.Ne4xc5 bxc5
12.Qd4xc5 Bc8b7
13.O-O-O Ra8c8
14.Qc5a3 Qd8c7
15.Be2d3 Bb7xg2
16.Rh1g1 Bg2f3
17.Rd1d2 g6
18.Rg1g3 Bf3b7
19.Bd3xa6 Rc8a8
20.Rd2d6 Bb7e4
21.Rg3c3 Qc7d8
22.f3 Be4d5
23.Rc3d3 Qd8h4
24.Bf4g3 Qh4g5
25.f4 Qg5d8
26.b3 Ng8e7
27.c4 Qd8c7
28.Bg3h4 Bd5e4
29.Rd6xe6 dxe6
30.Ba6b5 Kf8
31.Rd3d7 Ra8xa3
32.Bh4xe7 Kg7
33.Rd7xc7 Rh8a8
34.Be7xa3 Ra8xa3
35.Kb2 Ra3a8
36.Rc7d7 { resign }
1-0

[Event "Tourn. n9435"]
[Site "www.chess-mail.com"]
[Date "2017.07.11"]
[Round "1"]
[White "Astroboy"]
[Black "Estonia"]
[WhiteElo "2220"]
[BlackElo "2020"]
[Result "1/2-1/2"]
[Round "1"]
1.e4 c5
2.c3 e5
3.Ng1f3 Nb8c6
4.Bf1b5 d6
5.h3 Bc8d7
6.O-O Ng8f6
7.Qd1e2 Bf8e7
8.Rf1d1 a6
9.Bb5a4 b5
10.Ba4c2 Qd8b6
11.d4 cxd4
12.cxd4 Ra8c8
13.Bc1e3 Qb6c7
14.Rd1c1 Nc6b4
15.Bc2b3 O-O
16.Rc1xc7 Rc8xc7
17.dxe5 dxe5
18.Nf3xe5 Bd7e6
19.Bb3xe6 fxe6
20.Nb1c3 Be7d6
21.Ne5f3 Rf8c8
22.e5 { draw }
1/2-1/2

[Event "Tourn. n9416"]
[Site "www.chess-mail.com"]
[Date "2017.07.11"]
[Round "1"]
[White "Castletyme"]
[Black "Astroboy"]
[WhiteElo "2030"]
[BlackElo "2000"]
[Result "0-1"]
[Round "1"]
1.e4 c6
2.Ng1f3 d5
3.exd5 cxd5
4.d3 Nb8c6
5.Nb1c3 Ng8f6
6.Bf1e2 e5
7.O-O Bf8d6
8.Nc3b5 Bc8e6
9.Nb5xd6 Qd8xd6
10.c3 O-O
11.Bc1g5 Nf6d7
12.Bg5h4 f5
13.Rf1e1 h6
14.h3 f4
 { time }
0-1

[Event "Tourn. n9426"]
[Site "www.chess-mail.com"]
[Date "2017.07.11"]
[Round "1"]
[White "Fedallah"]
[Black "Cjood"]
[WhiteElo "1930"]
[BlackElo "1970"]
[Result "1-0"]
[Round "1"]
1.d4 f5
2.g3 c6
3.c4 Ng8f6
4.Bf1g2 e6
5.Ng1h3 d6
6.O-O Bc8d7
7.Nb1d2 h6
8.e4 fxe4
9.Nd2xe4 Nf6xe4
10.Bg2xe4 Qd8f6
11.Qd1h5 Kd8
12.Bc1g5 hxg5
13.Qh5xh8 e5
14.Nh3xg5 exd4
15.Ng5h7 Qf6e7
16.Rf1e1 Kc7
17.Qh8xf8 Qe7xf8
18.Nh7xf8 Bd7g4
19.Kg2 Nb8a6
20.Nf8g6 Na6c5
21.Be4f3 Bg4xf3
22.Kxf3 Nc5d3
23.Re1e7 Kb6
24.Re7xg7 Kc5
25.b3 Ra8e8
26.h4 Re8e6
27.Kg2 Nd3b2
28.Ng6f4 Re6f6
29.Ra1b1 Nb2xc4
30.bxc4 Kxc4
31.Rb1c1 Kb5
32.Rg7xb7 Ka6
33.Rb7b3 { resign }
1-0

[Event "Tourn. n9404"]
[Site "www.chess-mail.com"]
[Date "2017.07.11"]
[Round "1"]
[White "Andychesston"]
[Black "Astroboy"]
[WhiteElo "1990"]
[BlackElo "2079"]
[Result "0-1"]
[Round "1"]
1.e4 c5
2.Ng1f3 d6
3.d4 cxd4
4.Nf3xd4 Ng8f6
5.Nb1c3 g6
6.Bc1f4 Bf8g7
7.e5 Nf6h5
8.Bf1b5 Bc8d7
9.e6 Nh5xf4
10.Bb5xd7 Nb8xd7
11.exf7 Kxf7
12.O-O Qd8b6
13.Nc3e2 Qb6xb2
14.Ra1b1 Nf4xe2
15.Nd4xe2 Qb2xa2
16.Rb1xb7 Qa2c4
17.Rb7xd7 Qc4c6
18.Rd7xe7 Kxe7
19.Ne2f4 Rh8e8
20.Nf4d5 Ke6
21.Rf1e1 Kf7
22.Qd1f3 Kg8
23.Re1e7 Kh8
24.Qf3f7 Re8xe7
25.Nd5xe7 Qc6xc2
26.g3 Ra8f8
{ resign }
0-1

[Event "Tourn. n9364"]
[Site "www.chess-mail.com"]
[Date "2017.07.11"]
[Round "1"]
[White "Numanoid"]
[Black "Seger"]
[WhiteElo "2490"]
[BlackElo "2650"]
[Result "0-1"]
[Round "1"]
1.d4 d5
2.c4 Ng8f6
3.Nb1c3 dxc4
4.e4 e5
5.Ng1f3 exd4
6.Nf3xd4 c5
7.Nd4b5 a6
8.Qd1xd8 Kxd8
9.e5 axb5
10.exf6 Bc8e6
11.Bc1g5 Kc8
12.Nc3xb5 Rh8g8
13.a4 Nb8c6
14.Bg5f4 gxf6
15.Nb5c7 Rg8g4
16.Nc7xa8 Rg4xf4
17.Bf1e2 Rf4e4
18.Kf1 Nc6a5
19.f3 Re4d4
20.Ra1d1 Kb8
21.Na8b6 Rd4xd1
22.Be2xd1 Ka7
{ resign }
0-1

[Event "Tourn. n9432"]
[Site "www.chess-mail.com"]
[Date "2017.07.11"]
[Round "1"]
[White "Cjood"]
[Black "Guidom"]
[WhiteElo "1930"]
[BlackElo "2090"]
[Result "0-1"]
[Round "1"]
1.c4 c5
2.g3 Nb8c6
3.Bf1g2 g6
4.e3 Bf8g7
5.Ng1f3 Ng8f6
6.d3 O-O
7.Nb1c3 d6
8.Bc1d2 Bc8d7
9.a3 a6
10.O-O Ra8b8
11.Ra1b1 b5
12.cxb5 axb5
13.Qd1c2 b4
14.axb4 Nc6xb4
15.Qc2d1 Nb4xd3
16.b3 Nd3b4
17.Nf3e1 Bd7f5
18.e4 Bf5d7
19.Nc3e2 Nb4c6
20.Qd1c2 Bd7e6
21.f4 Nc6b4
22.Bd2xb4 Rb8xb4
23.Ne1d3 Rb4b8
24.h3 h5
25.f5 Be6d7
26.fxg6 fxg6
27.e5 dxe5
28.Nd3xe5 Bd7f5
29.Qc2c4 Kh7
30.Rb1d1 Qd8c7
31.Ne5f3 Nf6e4
32.Nf3d4 Rb8b4
33.Nd4e6 Bf5xe6
34.Qc4xe6 Rf8xf1
35.Rd1xf1 Ne4g5
36.Qe6e3 Bg7f6
37.h4 Ng5f7
38.Kh1 Nf7e5
39.Bg2h3 Qc7b7
40.Bh3g2 Rb4xb3
41.Qe3xc5 Qb7b5
42.Qc5a7 Qb5xe2
43.Rf1xf6 Rb3b1
44.Kh2 Ne5g4
45.Kh3 Rb1h1
{ resign }
0-1

[Event "Tourn. n9377"]
[Site "www.chess-mail.com"]
[Date "2017.07.11"]
[Round "1"]
[White "Darko10"]
[Black "Jose"]
[WhiteElo "2800"]
[BlackElo "2810"]
[Result "1/2-1/2"]
[Round "1"]
1.Ng1f3 Ng8f6
2.c4 g6
3.Nb1c3 Bf8g7
4.e4 d6
5.d4 O-O
6.Bf1e2 e5
7.O-O Nb8c6
8.d5 Nc6e7
9.Nf3e1 Nf6d7
10.Bc1e3 f5
11.f3 f4
12.Be3f2 g5
13.b4 Nd7f6
14.c5 Ne7g6
15.Ra1c1 Rf8f7
16.a4 h5
17.a5 g4
18.cxd6 cxd6
19.Nc3b5 g3
20.Bf2xa7 Nf6h7
21.Kh1 Ra8xa7
22.Rc1xc8 Qd8xc8
23.Nb5xa7 Qc8d8
24.Rf1g1 gxh2
25.Rg1f1 h4
26.Qd1c2 Nh7f6
27.Kxh2 Nf6h5
28.Qc2c8 Qd8xc8
29.Na7xc8 Nh5g3
30.Nc8xd6 Rf7d7
31.Nd6f5 Ng3xe2
32.Ne1d3 Ne2g3
33.Rf1a1 Ng3xf5
34.Nd3c5 Rd7d8
35.exf5 e4
36.Ra1c1 Ng6e5
37.Nc5xe4 Bg7f8
38.b5 Bf8b4
39.Rc1c7 Bb4xa5
40.Rc7xb7 Rd8f8
41.Rb7a7 Ba5d8
42.f6 Rf8f7
43.Ra7a8 Rf7f8
44.Ra8a7 Rf8f7
45.Ra7a6 Rf7b7
46.Ra6e6 Ne5f7
47.Kh3 Kf8
48.b6 Bd8xb6
49.Kxh4 Nf7d8
50.Re6d6 Nd8f7
51.Rd6e6 Nf7d8
{ draw }
1/2-1/2

[Event "Tourn. n9343"]
[Site "www.chess-mail.com"]
[Date "2017.07.11"]
[Round "1"]
[White "Ditto"]
[Black "Quaff"]
[WhiteElo "1710"]
[BlackElo "1629"]
[Result "0-1"]
[Round "1"]
1.e4 e5
2.Ng1f3 d6
3.Bf1c4 h6
4.d3 Ng8f6
5.Nb1c3 Bc8g4
6.Bc1e3 Bf8e7
7.Qd1e2 a6
8.O-O-O b5
9.Bc4b3 c5
10.a3 Nb8c6
11.Nc3d5 Nc6a5
12.Bb3a2 Ra8b8
13.Be3d2 Na5c6
14.h3 Bg4xf3
15.Qe2xf3 Nc6d4
16.Qf3g3 Nd4e2
17.Kb1 Ne2xg3
18.fxg3 Nf6xd5
19.Ba2xd5 Be7f6
20.Rh1f1 Qd8d7
21.h4 Kd8
22.Bd2a5 Ke7
23.Ba5d2 b4
24.axb4 cxb4
25.Bd2e3 a5
26.Be3f2 a4
27.Kc1 a3
28.bxa3 bxa3
29.Kd2 a2
30.Rd1a1 Rb8b2
31.Bf2e3 Qd7b5
32.Bd5xa2 Qb5a5
33.Ke2 Rb2xc2
34.Kf3 Rc2xa2
35.Ra1b1 Rh8c8
36.Rb1b7 Rc8c7
37.Rb7b1 Rc7c2
38.Rf1g1 Qa5a6
39.Rb1d1 Qa6a3
40.Be3b6 Qa3b2
41.Bb6e3 Rc2xg2
42.Rg1f1 Qb2e2

0-1

[Event "Tourn. n9447"]
[Site "www.chess-mail.com"]
[Date "2017.07.11"]
[Round "1"]
[White "Astroboy"]
[Black "Cjood"]
[WhiteElo "2260"]
[BlackElo "2080"]
[Result "1-0"]
[Round "1"]
1.c4 g6
2.Nb1c3 Bf8g7
3.e4 Bg7xc3
4.bxc3 c5
5.d4 cxd4
6.cxd4 e5
7.Ng1f3 exd4
8.Qd1xd4 Qd8f6
9.Bc1b2 Qf6xd4
10.Nf3xd4 f6
11.Nd4b5 Nb8a6
12.Nb5d6 Ke7
13.e5 h5
14.Bb2a3 Ke6
15.exf6 Ng8xf6
16.O-O-O Nf6e8
17.Rd1e1 Kf6
18.Ba3b2 Kg5
19.Nd6f7 { resign }
1-0

[Event "Tourn. n9366"]
[Site "www.chess-mail.com"]
[Date "2017.07.11"]
[Round "1"]
[White "Bojan"]
[Black "Falcoale"]
[WhiteElo "1970"]
[BlackElo "1980"]
[Result "1-0"]
[Round "1"]
1.e4 Nb8c6
2.d4 e6
3.Bf1c4 a6
4.Ng1f3 b5
5.Bc4d3 Bc8b7
6.Bc1f4 Ng8f6
7.Nb1d2 Nc6b4
8.a3 Nb4xd3
9.cxd3 c5
10.dxc5 Bf8xc5
11.h3 O-O
12.b4 Bc5e7
13.Ra1c1 d6
14.Qd1e2 e5
15.Bf4e3 Nf6d7
16.O-O f5
17.exf5 Rf8xf5
18.Nf3h2 Be7g5
19.Nd2f3 Bg5xe3
20.fxe3 Rf5f8
21.e4 Nd7f6
22.Rc1c3 Nf6d7
23.Rf1c1 Nd7b6
24.Qe2e3 Ra8c8
25.Nf3g5 Qd8e7
26.Ng5f3 Nb6a4
27.Rc3c2 Qe7f7
28.Qe3g5 Rc8xc2
29.Rc1xc2 Bb7c8
30.Rc2c6 Qf7a2
31.Qg5c1 Qa2e6
32.Nh2g4 Qe6b3
33.Rc6xc8 Qb3f7
34.Rc8c6 Qf7b3
35.Rc6xd6 Na4c3
36.Kh2 Nc3e2
37.Qc1g5 Qb3d1
38.Qg5e3 Ne2f4
39.Ng4xe5 Qd1c2
40.Qe3g1 Qc2a4
41.Qg1f2 Qa4xa3
42.Ne5c6 Nf4xd3
43.Nc6e7 Kh8
44.Qf2d2 Nd3xb4
45.Rd6d8 { resign }
1-0

[Event "Tourn. n9396"]
[Site "www.chess-mail.com"]
[Date "2017.07.11"]
[Round "1"]
[White "Lucaschess"]
[Black "Castletyme"]
[WhiteElo "2100"]
[BlackElo "2020"]
[Result "1-0"]
[Round "1"]
1.e4 e6
2.d4 d5
3.Nb1c3 dxe4
4.Nc3xe4 Ng8f6
5.Ne4xf6 Qd8xf6
6.Ng1f3 Qf6d8
7.Bf1d3 h6
8.O-O Nb8c6
9.c3 Bc8d7
10.Bc1f4 g5
11.Bf4g3 h5
12.Rf1e1 Nc6e7
13.Nf3xg5 Ne7g6
14.Ng5xe6 Bd7xe6
15.Bd3xg6 { resign }
1-0

[Event "Tourn. n9300"]
[Site "www.chess-mail.com"]
[Date "2017.07.11"]
[Round "1"]
[White "Jpmartinez"]
[Black "Sozaro"]
[WhiteElo "2590"]
[BlackElo "2210"]
[Result "1-0"]
[Round "1"]
1.Ng1f3 d5
2.c4 d4
3.g3 Nb8c6
4.Bf1g2 e5
5.d3 Ng8f6
6.O-O Bf8d6
7.e3 O-O
8.exd4 Nc6xd4
9.Nf3xd4 exd4
10.Bc1g5 h6
11.Bg5xf6 Qd8xf6
12.Nb1d2 Bd6e7
13.Rf1e1 c6
14.Nd2e4 Qf6g6
15.Qd1b3 Ra8b8
16.Qb3a4 a6
17.c5 Rf8d8
18.Qa4a5 Bc8g4
19.Qa5c7 Be7f8
20.h3 Bg4e6
21.b4 Qg6h5
22.h4 Qh5f5
23.a3 Rd8c8
24.Qc7b6 Qf5g6
25.Ne4d6 Bf8xd6
26.cxd6 Qg6f6
27.Ra1c1 Rc8d8
28.Rc1c5 g6
29.h5 g5
30.Qb6a7 Qf6g7
31.Re1e4 Qg7f8
32.Re4xd4 Rd8xd6
33.Rd4xd6 Qf8xd6
34.d4 Kh7
35.Rc5c3  { time }
1-0

[Event "Tourn. n9332"]
[Site "www.chess-mail.com"]
[Date "2017.07.11"]
[Round "1"]
[White "Szustan"]
[Black "Numanoid"]
[WhiteElo "2590"]
[BlackElo "2500"]
[Result "1-0"]
[Round "1"]
1.e4 e6
2.d4 d5
3.Nb1c3 Ng8f6
4.e5 Nf6d7
5.f4 c5
6.Ng1f3 Nb8c6
7.Bc1e3 Bf8e7
8.Bf1e2 a6
9.O-O b5
10.dxc5 Be7xc5
11.Be3xc5 Nd7xc5
12.Nf3d4 Bc8b7
13.Nd4xc6 Bb7xc6
14.Be2f3 Qd8b6
15.Qd1d4 O-O
16.a3 a5
17.Nc3e2 b4
18.axb4 axb4
19.Rf1c1 h6
20.Ra1xa8 Rf8xa8
21.c4 Nc5d7
22.Qd4xb6 Nd7xb6
23.Ne2d4 Bc6b7
24.b3 Ra8a3
25.c5 Nb6c8
26.c6 Bb7a6
27.c7 Kf8
28.f5 { resign }
1-0

[Event "Tourn. n9430"]
[Site "www.chess-mail.com"]
[Date "2017.07.11"]
[Round "1"]
[White "Dussek"]
[Black "Fantomas"]
[WhiteElo "1759"]
[BlackElo "1739"]
[Result "0-1"]
[Round "1"]
1.Ng1f3 d5
2.d4 Ng8f6
3.Bc1g5 e6
4.e3 Bf8e7
5.Bf1d3 Nb8d7
6.Nb1d2 c5
7.c3 c4
8.Bd3c2 O-O
9.O-O h6
10.Bg5h4 Nf6h7
11.Bh4xe7 Qd8xe7
12.Rf1e1 f5
13.b3 Nd7b6
14.Nf3e5 Qe7c7
15.Nd2f3 cxb3
16.Bc2xb3 Qc7xc3
17.Ra1c1 Qc3b4
18.Ne5g6 Rf8e8
19.Nf3e5 Qb4d6
20.a4 Nb6d7
21.Ne5xd7 Bc8xd7
22.Qd1h5 Nh7f6
23.Qh5h3 Re8c8
24.Ng6e5 Bd7e8
25.Rc1c2 Rc8xc2
26.Bb3xc2 Ra8c8
27.Bc2b3 Qd6b4
28.Re1b1 Qb4xb3
29.Rb1f1 Qb3a3
30.Ne5g6 Be8xg6
{ resign }
0-1

[Event "Tourn. n9380"]
[Site "www.chess-mail.com"]
[Date "2017.07.11"]
[Round "1"]
[White "Mihaiiorga"]
[Black "Luban"]
[WhiteElo "2220"]
[BlackElo "2100"]
[Result "0-1"]
[Round "1"]
1.Ng1f3 d5
2.d3 e6
3.Nb1d2 Ng8f6
4.e4 dxe4
5.dxe4 a6
6.Bf1e2 c5
7.O-O Nb8c6
8.c3 Bf8e7
9.Nd2c4 b5
10.Qd1xd8 Be7xd8
11.Nc4d6 Ke7
12.Nd6xc8 Ra8xc8
13.Bc1g5 h6
14.Bg5xf6 Kxf6
15.Ra1d1 Bd8c7
16.Rd1d7 Rh8d8
17.Rf1d1 Rd8xd7
18.Rd1xd7 e5
19.a3 Ke6
20.Rd7d2 Nc6a5
21.b4 cxb4
22.cxb4 Na5b7
23.Rd2c2 Nb7d6
24.Nf3d2 g6
25.f3 Bc7b6
{ resign }
0-1

[Event "Tourn. n9378"]
[Site "www.chess-mail.com"]
[Date "2017.07.11"]
[Round "1"]
[White "Stewartborst"]
[Black "Jackbauer"]
[WhiteElo "1469"]
[BlackElo "1890"]
[Result "0-1"]
[Round "1"]
1.c4 e5
2.d3 Ng8f6
3.Ng1f3 c5
4.Nf3xe5 Qd8e7
5.Ne5f3 Nb8c6
6.Nb1c3 h6
7.e4 Nc6d4
8.Bc1e3 Qe7d6
9.Be3xd4 cxd4
10.Nc3b5 Qd6c5
11.Nb5xd4 Qc5b4
12.Qd1d2 Qb4b6
13.Ke2 Bf8b4
14.Qd2c2 Bb4c5
15.Qc2c3 O-O
16.g3 d6
17.h4 Bc8g4
18.Kd2 Bc5b4
{ resign }
0-1

[Event "Tourn. n9386"]
[Site "www.chess-mail.com"]
[Date "2017.07.11"]
[Round "1"]
[White "Bojan"]
[Black "Falcoale"]
[WhiteElo "2010"]
[BlackElo "2040"]
[Result "0-1"]
[Round "1"]
1.e4 c5
2.Ng1f3 Nb8c6
3.d4 cxd4
4.Nf3xd4 e6
5.Nd4xc6 bxc6
6.a3 Ng8f6
7.e5 Nf6d5
8.Bc1d2 Qd8c7
9.Qd1e2 Bf8e7
10.c4 Nd5b6
11.Bd2a5 Qc7b8
12.b3 Bc8a6
13.Qe2e4 Ba6b7
14.Ba5c3 O-O
15.Bf1d3 g6
16.Qe4g4 d5
17.f4 dxc4
18.bxc4 Bb7a6
19.Nb1d2 Rf8d8
20.Bd3e2 h5
21.Qg4f3 Rd8d7
22.O-O Be7c5
23.Kh1 Ba6b7
24.Nd2e4 Bc5e7
25.Ra1b1 c5
26.Qf3e3 Qb8c8
27.Ne4f6 Be7xf6
28.exf6 Nb6a4
29.Bc3e5 Qc8d8
30.f5 exf5
31.Rf1d1 Rd7xd1
32.Be2xd1 Bb7e4
33.Rb1c1 Qd8d3
34.Qe3h6 Qd3f1
{ resign }
0-1

[Event "Tourn. n9429"]
[Site "www.chess-mail.com"]
[Date "2017.07.11"]
[Round "1"]
[White "Cjood"]
[Black "Orhany24"]
[WhiteElo "1920"]
[BlackElo "2190"]
[Result "0-1"]
[Round "1"]
1.d4 d5
2.Nb1c3 Bc8f5
3.Bc1f4 a6
4.f3 Ng8f6
5.Qd1d2 e6
6.g4 Bf5g6
7.h4 h5
8.g5 Nf6d7
9.O-O-O c5
10.dxc5 Bf8xc5
11.Nc3xd5 exd5
12.Qd2xd5 O-O
13.Bf4xb8 Ra8xb8
14.Qd5xd7 Qd8a5
15.a3 Rb8c8
16.Qd7xb7 Bc5e3
17.Kb1 Bg6xc2
18.Ka1 Bc2xd1
19.Bf1h3 Rc8c1
20.Ka2 Qa5a4
21.Bh3d7 Qa4c4
{ resign }
0-1

[Event "Match"]
[Site "www.echecsemail.com"]
[Date "2017.07.11"]
[Round "1"]
[White "Cjood"]
[Black "Fangshuo"]
[WhiteElo "2110"]
[BlackElo "2110"]
[Result "0-1"]
[Round "1"]
1.c4 e5
2.Nb1c3 Ng8f6
3.d4 exd4
4.Qd1xd4 Nb8c6
5.Qd4d1 Bf8b4
6.Bc1d2 O-O
7.e3 Rf8e8
8.Bf1d3 Nc6e5
9.Qd1c2 Nf6g4
10.h3 Ng4xf2
11.Kxf2 Qd8h4
12.Ke2 Ne5g4
13.Ra1f1 Qh4h5
14.Ng1f3 Ng4e5
15.g4 Qh5h6
16.e4 Qh6a6
17.a3 Ne5xc4
18.axb4 b5
19.Nc3xb5 Qa6xb5
20.Bd3xc4 Qb5b7
21.Nf3g5 d5
22.Rf1xf7 dxc4
23.Qc2xc4 Kh8
24.Rf7xc7 Qb7a6
25.b5 Qa6g6
26.Ng5f7 Kg8
27.Ke3 Bc8e6
28.Nf7e5 Qg6g5
29.Kf3 Re8f8
30.Kg2 Qg5xd2
31.Kg3 Qd2f2
{ resign }
0-1

[Event "Match"]
[Site "www.echecsemail.com"]
[Date "2017.07.11"]
[Round "1"]
[White "Carazo"]
[Black "Kazooie"]
[WhiteElo "1680"]
[BlackElo "1840"]
[Result "1-0"]
[Round "1"]
1.e4 c6
2.Ng1f3 d5
3.d4 Bc8g4
4.Bf1e2 dxe4
5.Nf3e5 Bg4xe2
6.Qd1xe2 Qd8xd4
7.Ne5c4 Qd4d5
8.Nb1c3 Qd5d8
9.Qe2xe4 Ng8f6
10.Qe4e2 e6
11.Bc1d2 Bf8e7
12.O-O-O O-O
13.Rh1e1 Nf6d5
14.Bd2f4 Nb8d7
15.Qe2g4 Kh8
16.Bf4e5 Be7f6
17.Be5d6 Nd5xc3
18.bxc3 Rf8e8
19.Kb1 Bf6xc3
20.Bd6e5 Bc3xe5
21.Nc4xe5 Nd7xe5
22.Qg4e2 Qd8b6
23.Ka1 Ne5g6
24.Rd1b1 Qb6c7
25.g3 Ra8d8
26.f4 Rd8d5
27.f5 Rd5xf5
28.Qe2e3 Re8d8
29.Rb1b3 b6
30.g4 Rf5d5
31.h3 Rd5d1
32.Rb3b1 Rd1xb1
33.Re1xb1 Qc7e5
34.Qe3xe5 Ng6xe5
35.Rb1f1 Rd8d2
36.Kb1 Rd2h2
37.Rf1e1 Ne5c4
38.Re1d1 g5
39.a4 Rh2xh3
40.Rd1d7 f5
41.gxf5 exf5
42.Rd7xa7 Rh3a3
43.Ra7a8 Kg7
44.Ra8a7 Kg6
45.Ra7a6 Kh5
46.Ra6a7 h6
47.Ra7a8 b5
48.Ra8a6 bxa4
49.Ra6xc6 Nc4e3
50.c4 g4
51.c5 g3
52.Rc6b6 { resign }
1-0

[Event "Match"]
[Site "www.echecsemail.com"]
[Date "2017.07.11"]
[Round "1"]
[White "Llord"]
[Black "Cjood"]
[WhiteElo "1930"]
[BlackElo "1940"]
[Result "1-0"]
[Round "1"]
1.e4 c5
2.Bf1c4 e6
3.Ng1f3 Nb8c6
4.O-O d6
5.d3 Bf8e7
6.Nb1c3 Bc8d7
7.Bc1f4 a6
8.a4 b5
9.axb5 axb5
10.Ra1xa8 Qd8xa8
11.Nc3xb5 Qa8b7
12.Bf4xd6 Ng8f6
13.Bd6xe7 Kxe7
14.b3 Nc6a5
15.Nb5c3 Rh8a8
16.Nf3e5 Na5xc4
17.Ne5xc4 g6
18.Nc4e5 Bd7c8
19.h3 Kd6
20.Ne5c4 Ke7
21.e5 Nf6d5
22.Nc3xd5 exd5
23.Nc4d6 Qb7c6
24.Qd1f3 Bc8e6
25.c4 Ra8a3
26.Rf1b1 h5
27.Nd6b5 Ra3a2
28.Nb5c3 Qc6a6
29.Nc3xd5 Be6xd5
30.Qf3xd5 Ra2d2
31.e6 fxe6
32.Qd5g5 Kf7
33.Qg5xd2 { resign }
1-0

[Event "Match"]
[Site "www.echecsemail.com"]
[Date "2017.07.11"]
[Round "1"]
[White "Micheles"]
[Black "Ketchuplover"]
[WhiteElo "2510"]
[BlackElo "1810"]
[Result "1-0"]
[Round "1"]
1.d4 Ng8f6
2.Ng1f3 g6
3.Bc1g5 Nf6e4
4.Bg5h4 Bf8g7
5.Nb1d2 d5
6.e3 f5
7.c4 c6
8.Qd1b3 Ne4xd2
9.Nf3xd2 O-O
10.Ra1c1 Bg7f6
11.Bh4xf6 exf6
12.cxd5 cxd5
13.Rc1c5 b6
14.Rc5xd5 Bc8e6
15.Rd5xd8 { resign }
1-0

[Event "Match"]
[Site "www.echecsemail.com"]
[Date "2017.07.11"]
[Round "1"]
[White "86eamon"]
[Black "52maurice"]
[WhiteElo "1619"]
[BlackElo "1519"]
[Result "1-0"]
[Round "1"]
1.a4 a5
2.b3 b6
3.g3 d6
4.Bf1g2 d5
5.Nb1c3 e6
6.e4 Bc8b7
7.exd5 exd5
8.Qd1e2 Ng8e7
9.Bc1a3 c5
10.Ba3b2 Bb7a6
11.d3 Ra8a7
12.Nc3xd5 Nb8c6
13.c3 Rh8g8
14.Bg2e4 Nc6e5
15.c4 f6
16.Be4xh7 Rg8h8
17.f4 Rh8xh7
18.fxe5 f5
19.Ng1f3 Ba6c8
20.e6 Rh7h6
21.Nf3h4 Rh6xe6
22.Bb2e5 Ne7c6
23.Qe2h5 g6
24.Nh4xg6 Bf8g7
25.Ng6f4 Kf8
26.Nf4xe6 Bc8xe6
27.Be5xg7 Ra7xg7
28.O-O Kg8
29.Ra1e1 Be6xd5
30.cxd5 Nc6d4
31.Re1e5 Rg7h7
32.Qh5g6 Rh7g7
33.Re5e8 Qd8xe8
34.Qg6xe8 Kh7
35.d6 Rg7g8
36.Qe8e7 Rg8g7
37.Qe7xg7 Kxg7
38.d7 Nd4xb3
39.Rf1xf5 Kg6
40.g4 b5
41.d8Q bxa4
42.Qd8f6 Kh7
43.Rf5g5 { resign }
1-0

[Event "Match"]
[Site "www.echecsemail.com"]
[Date "2017.07.11"]
[Round "1"]
[White "Cjood"]
[Black "Pwain"]
[WhiteElo "1870"]
[BlackElo "2420"]
[Result "0-1"]
[Round "1"]
1.e4 e5
2.Nb1c3 Nb8c6
3.Ng1f3 Ng8f6
4.d4 exd4
5.Nf3xd4 Bf8b4
6.Nd4xc6 bxc6
7.Qd1f3 Qd8e7
8.Bf1d3 d5
9.O-O Bb4xc3
10.bxc3 dxe4
11.Bd3xe4 Qe7xe4
12.Qf3g3 O-O
13.Qg3xc7 Bc8e6
14.Bc1a3 Rf8c8
15.Qc7d6 Be6d5
16.f3 Qe4e3
17.Kh1 Rc8d8
18.Qd6g3 Qe3xc3
19.Ba3e7 Rd8e8
20.Be7xf6 Qc3xf6
21.Qg3f2 h6
22.a4 Re8e7
23.Rf1e1 Ra8e8
24.Re1b1 Qf6c3
25.h3 Re7e2
26.Qf2xa7 Re2xg2
27.Rb1b8 Rg2e2
28.Ra1f1 Bd5xf3
{ resign }
0-1

[Event "Match"]
[Site "www.echecsemail.com"]
[Date "2017.07.11"]
[Round "1"]
[White "Jwc"]
[Black "Pinehill"]
[WhiteElo "1209"]
[BlackElo "2050"]
[Result "0-1"]
[Round "1"]
1.e4 d5
2.exd5 Ng8f6
3.Nb1c3 g6
4.Ng1f3 Bf8g7
5.Bf1b5 Bc8d7
6.Qd1e2 O-O
7.O-O a6
8.Bb5xd7 Nb8xd7
9.Nf3e5 Nd7b6
10.Nc3e4 Nf6xd5
11.c4 Nd5b4
12.Ne5d3 Qd8xd3
13.Qe2e1 Nb4c2
 { time }
0-1

[Event "Match"]
[Site "www.echecsemail.com"]
[Date "2017.07.11"]
[Round "1"]
[White "Fangshuo"]
[Black "Jwc"]
[WhiteElo "2120"]
[BlackElo "1209"]
[Result "1-0"]
[Round "1"]
1.e4 c5
2.Ng1f3 d6
3.Nb1c3 Ng8f6
4.Bf1e2 a6
5.O-O g6
6.d4 cxd4
7.Nf3xd4 Bf8g7
8.Bc1g5 O-O
9.Bg5xf6 exf6
10.Nc3d5 Nb8c6
11.f4 Rf8e8
12.Be2f3 Bc8e6
13.f5 Be6xd5
14.exd5 Nc6xd4
15.Qd1xd4 Ra8b8
16.h4  { time }
1-0

[Event "Match"]
[Site "www.echecsemail.com"]
[Date "2017.07.11"]
[Round "1"]
[White "Hundegana"]
[Black "Olivia"]
[WhiteElo "2040"]
[BlackElo "999"]
[Result "1-0"]
[Round "1"]
1.e4 c6
2.b4 e5
3.a3 d5
4.exd5 Qd8xd5
5.Bc1b2 Bf8d6
6.c4 Qd5e4
7.Qd1e2 Qe4h4
8.g3 Qh4g5
9.c5 Bc8g4
10.f3 Bg4h5
11.cxd6 Ng8f6
12.Qe2xe5 Qg5xe5
13.Bb2xe5 Nb8d7
14.Be5xf6  { time }
1-0

[Event "Match"]
[Site "www.echecsemail.com"]
[Date "2017.07.11"]
[Round "1"]
[White "Cjood"]
[Black "Chapi"]
[WhiteElo "1930"]
[BlackElo "2110"]
[Result "0-1"]
[Round "1"]
1.Ng1f3 c5
2.e4 Nb8c6
3.d4 cxd4
4.Nf3xd4 g6
5.Nd4xc6 bxc6
6.a4 Bf8g7
7.Bf1c4 d6
8.Qd1f3 Ng8f6
9.h3 O-O
10.e5 Qd8a5
11.Kf1 Qa5xe5
12.Qf3xc6 Ra8b8
13.g3 Bc8b7
14.Qc6c7 Bb7xh1
15.Nb1a3 Qe5d4
16.Qc7xe7 Qd4d1
17.Qe7e1 Bh1g2
18.Kxg2 Qd1xe1
19.Na3b5 Qe1e4
{ resign }
0-1

[Event "Match"]
[Site "www.echecsemail.com"]
[Date "2017.07.11"]
[Round "1"]
[White "Cjood"]
[Black "Pellix84"]
[WhiteElo "1800"]
[BlackElo "2080"]
[Result "0-1"]
[Round "1"]
1.e4 c5
2.Ng1f3 d6
3.d4 cxd4
4.Nf3xd4 Ng8f6
5.Bf1d3 a6
6.c4 g6
7.Nb1c3 Bf8g7
8.Bc1e3 O-O
9.f3 Nb8c6
10.Nd4xc6 bxc6
11.Qd1c2 Bc8b7
12.Nc3a4 e6
13.Na4b6 Ra8b8
14.O-O-O c5
15.Nb6a4 Bb7c6
16.Na4c3 Qd8b6
17.Rd1d2 Rb8b7
18.b3 Nf6d7
19.Kd1 Qb6b4
20.Nc3b1 a5
21.Ke2 a4
22.Rd2d1 Rf8a8
23.Be3d2 Qb4b6
24.Bd2f4 Nd7e5
25.Bf4xe5 Bg7xe5
26.g3 axb3
27.axb3 Rb7a7
28.Kf1 Ra7a2
29.Qc2c1 Qb6xb3
30.Nb1d2 Qb3xd3
31.Kg2 f5
32.Kh3 f4
33.g4 Ra2xd2
{ resign }
0-1

[Event "Match"]
[Site "www.echecsemail.com"]
[Date "2017.07.11"]
[Round "1"]
[White "Jwc"]
[Black "Billyg"]
[WhiteElo "1209"]
[BlackElo "1710"]
[Result "0-1"]
[Round "1"]
1.d4 d6
2.c4 h6
3.e4 Ng8f6
4.Nb1c3 Nb8d7
5.Ng1f3 c5
6.d5 Nd7e5
7.Nf3xe5 dxe5
8.Bf1d3 e6
9.O-O exd5
10.exd5 Bc8d7
11.a3 Bf8d6
12.Rf1e1 O-O
13.Ra1b1 Rf8e8
14.f4 exf4
15.Bc1xf4 Re8xe1
16.Qd1xe1 Bd6xf4
 { time }
0-1

[Event "Match"]
[Site "www.echecsemail.com"]
[Date "2017.07.11"]
[Round "1"]
[White "Whitekknight"]
[Black "Kazooie"]
[WhiteElo "1970"]
[BlackElo "1970"]
[Result "1-0"]
[Round "1"]
1.d4 d5
2.e4 dxe4
3.Nb1c3 Bc8f5
4.Bc1e3 a6
5.Bf1e2 h6
6.f3 exf3
7.Be2xf3 Ra8a7
8.Ng1e2 b6
9.O-O e6
10.a3 Bf8d6
11.Qd1e1 Ng8f6
12.Ra1c1 O-O
13.Qe1d2 h5
14.h3 g6
15.Be3g5 Nb8d7
16.Ne2g3 Bd6xg3
17.Nc3e2 Bg3d6
18.Ne2c3 c5
19.d5 exd5
20.Nc3xd5 Rf8e8
21.Qd2c3 Nf6xd5
22.Bf3xd5 Qd8xg5
23.Kh1 Bf5xh3
24.Bd5xf7 Kh7
25.Qc3xh3 Re8e7
26.Bf7e6 Nd7f6
27.Rc1e1 Nf6g4
28.Be6xg4 Qg5xg4
29.Qh3xg4 hxg4
30.Re1xe7 Ra7xe7
31.b3 Re7e2
32.Kg1 Re2xc2
33.Rf1b1 g3
34.Kf1 g5
35.Rb1d1 Bd6f4
36.Rd1d7 Kg8
37.Rd7a7 Rc2b2
38.Ra7xa6 { resign }
1-0

[Event "Match"]
[Site "www.echecsemail.com"]
[Date "2017.07.11"]
[Round "1"]
[White "Dussek"]
[Black "Cjood"]
[WhiteElo "1619"]
[BlackElo "1980"]
[Result "1-0"]
[Round "1"]
1.d4 c6
2.e4 e5
3.dxe5 Qd8a5
4.Bc1d2 Qa5xe5
5.Nb1c3 Bf8b4
6.Ng1f3 Qe5c7
7.Bf1c4 h6
8.O-O d6
9.a3 Bb4a5
10.Rf1e1 Bc8g4
11.Bd2f4 Bg4xf3
12.Qd1xf3 b5
13.Bc4xf7 Qc7xf7
14.Ra1d1 Ba5xc3
15.bxc3 Ng8f6
16.Bf4xd6 Nb8d7
17.e5 O-O-O
18.Qf3xc6 { resign }
1-0